000 00283nam a2200097Ia 4500
008 171204s9999 xx 000 0 und d
245 _aTrends in Software Testing:
260 _c2016
650 _xEMERGING TRENDS IN COMPUTING
856 _uhttp://down.ebook777.com/042/9789811014147.pdf
999 _c347153
_d347153